Bilecik Bilecik Bilecik Bilecik Bilecik

Kitap medeniyeti/ (Record no. 74149)

MARC details
000 -BAŞLIK
Sabit Uzunluktaki Kontrol Alanı 01414nam a22003857a 4500
001 - KONTROL NUMARASI
Control Dosyası 0073394
003 - KONTROL NUMARASI KİMLİĞİ
Kontrol Alanı KOHA_MİRAKIL
005 - EN SON İŞLEM TARİHİ ve ZAMANI
Kontrol Alanı 20260207005138.0
007 - FİZİKSEL TANIM SABİT ALAN - GENEL BİLGİ
Sabit uzunluklu kontrol alanı ta
008 - SABİT UZUNLUKTAKİ VERİ ÖGELERİ - GENEL BİLGİ
Sabit Alan 250312b2019 tu |||gr||||#0|||1|tur |
020 ## - ISBN - ULUSLARARASI STANDART KİTAP NUMARASI
Isbn 9786057519900
040 ## - KATALOGLAMA KAYNAĞI
Özgün Kataloglama Kurumu TR-BiSEU
Kataloglama Dili tur
Çeviri Kurumu TR-BiSEU
Açıklama Kuralları rda
041 0# - DİL KODU
Metin ya da ses kaydının dil kodu tur
044 ## - YAYINLAYAN/ÜRETEN KURULUŞUN ÜLKE KODU
ISO country code tu
050 ## - SINIFLAMA ve YER NUMARASI
Sınıflama Numarası PN83
Yer Numarası .K56 2019
100 1# - KİŞİ ADI
Yazar Adı (Kişi adı) Kımışoğlu, Abdulnasir.
245 1# - ESER ADI BİLDİRİMİ
Başlık Kitap medeniyeti/
Sorumluluk Bildirimi Abdulnasir Kımışoğlu ; Abdulnasir Kımışoğlu.
250 ## - BASIM BİLDİRİMİ
Basım Bildirimi 4. baskı
264 #1 - ÜRERİM, YAYIN, DAĞITIM ve TELİF BİLDİRİMİ
Yayın yeri Ankara :
Yayınlayan Diyanet İşleri Başkanlığı
Yayın tarihi 2019
300 ## - FİZİKSEL TANIMLAMA
Sayfa, Cilt vb. 128 sayfa ;
Boyutları 21 cm.
336 ## - İÇERİK TÜRÜ
Content type term metin
Content type code txt
Source rdacontent
337 ## - MEDYA TÜRÜ
Media type term aracısız
Media type code n
Source rdamedia
338 ## - TAŞIYICI TÜRÜ
Carrier type term cilt
Carrier type code nc
Source rdacarrier
490 1# - DİZİ BİLDİRİMİ
Dizi Bildirimi Diyanet İşleri Başkanlığı ;
Cilt Numarası 1621.
490 1# - DİZİ BİLDİRİMİ
Dizi Bildirimi Gençlik Kitapları ;
Cilt Numarası 12
650 #0 - KONU BAŞLIĞI EK GİRİŞ - KONU TERİMİ
Konusal terim veya coğrafi ad Okuma alışkanlığı--Okuma merakı.
9 (RLIN) 147789
650 #0 - KONU BAŞLIĞI EK GİRİŞ - KONU TERİMİ
Konusal terim veya coğrafi ad Okumalıyız, ama neden--Nasıl okumalıyız.
9 (RLIN) 147790
650 #0 - KONU BAŞLIĞI EK GİRİŞ - KONU TERİMİ
Konusal terim veya coğrafi ad Yazının mahremiyeti ve mesuliyeti.
9 (RLIN) 147791
650 #0 - KONU BAŞLIĞI EK GİRİŞ - KONU TERİMİ
Konusal terim veya coğrafi ad Kitapların dünyası, ikramı.
9 (RLIN) 147792
650 #0 - KONU BAŞLIĞI EK GİRİŞ - KONU TERİMİ
Konusal terim veya coğrafi ad Reading habit--Reading curiosity.We should read, but why--How should we read.The privacy and responsibility of writing.The world of books, their treat.
9 (RLIN) 147793
830 1# - SERİ EK GİRİŞİ - TEKBİÇİM ESER ADI
Tekbiçim Başlık Diyanet İşleri Başkanlığı ;
Volume number/sequential designation 1621.
9 (RLIN) 88663
830 1# - SERİ EK GİRİŞİ - TEKBİÇİM ESER ADI
Tekbiçim Başlık Gençlik Kitapları ;
Volume number/sequential designation 12
9 (RLIN) 147794
907 ## - LOCAL DATA ELEMENT G, LDG (RLIN)
a Edebiyat
942 ## - EK GİRİŞ ÖGELERİ (KOHA)
Source of classification or shelving scheme Library of Congress Classification
Koha item type Book
Holdings
Materyal Türü Kalıcı Konum Mevcut Konum Raf Yeri Sınıflandırma Kaynağı Edinim Bilgisi Ana Konular Alt Konular Yer Numarası Demirbaş Numarası Fatura Tarihi Geri Çekilme Durumu Kayıp Durumu Hasarlı Durumu Kredi için değil Kayıt Tarih Toplam Ödünçverme Son Görülme Tarihi Son Kontrol Tarihi Genel / Bağış Notu
Book Prof. Dr. Azmi Özcan Kütüphanesi Prof. Dr. Azmi Özcan Kütüphanesi Birûni Salonu Library of Congress Classification Bağış DİL VE EDEBİYAT Edebiyat (Genel) PN83 .K56 2019 0073394 02/02/2026         12/03/2025 2 26/03/2025 26/03/2025 Enes VELİ , Akademisyen